Корпоративные финансы (Запись № 12601221)

Подробности
000 -МАРКЕР
контрольное поле 02253nam1a2200361 i 4500
001 - ИДЕНТИФИКАТОР ЗАПИСИ
контрольное поле RU\NLR\BIBL_A\012906961
005 - ИДЕНТИФИКАТОР ВЕРСИИ
контрольное поле 20241101041817.0
010 ## - МЕЖДУНАРОДНЫЙ СТАНДАРТНЫЙ НОМЕР КНИГИ (ISBN)
Номер (ISBN) 9785742276395
035 ## - ДРУГИЕ СИСТЕМНЫЕ НОМЕРА
Идентификатор записи (NLR Aleph) 012906961
100 ## - ДАННЫЕ ОБЩЕЙ ОБРАБОТКИ
Данные общей обработки 20221012g20229999u y0rusy50 ca
101 0# - ЯЗЫК РЕСУРСА
Язык текста, звукозаписи и т.д. русский
Язык резюме английский
102 ## - СТРАНА ПУБЛИКАЦИИ ИЛИ ПРОИЗВОДСТВА
Страна публикации Российская Федерация
105 ## - ПОЛЕ КОДИРОВАННЫХ ДАННЫХ: ТЕКСТОВЫЕ МАТЕРИАЛЫ, МОНОГРАФИЧЕСКИЕ
Кодированные данные о монографическом текстовом документе j
181 #0 - ПОЛЕ КОДИРОВАННЫХ ДАННЫХ: ВИД СОДЕРЖАНИЯ
Код вида содержания (ISBD) i
Код характеристики содержания (ISBD) axxe
182 #0 - ПОЛЕ КОДИРОВАННЫХ ДАННЫХ: ТИП СРЕДСТВА
Код типа средства (ISBD) n - непосредственное
200 1# - ЗАГЛАВИЕ И СВЕДЕНИЯ ОБ ОТВЕТСТВЕННОСТИ
Основное заглавие Корпоративные финансы
Параллельное заглавие Corporate finance
Сведения, относящиеся к заглавию учебное пособие
-- для подготовки магистров по направлению 38.04.02 "Менеджмент"
Первые сведения об ответственности Е. Г. Киселёва, А. Б. Тесля
Последующие сведения об ответственности Министерство науки и высшего образования Российской Федерации, Санкт-Петербургский политехнический университет Петра Великого, Институт промышленного менеджмента, экономики и торговли, Высшая школа производственного менеджмента
Язык параллельного заглавия английский
203 ## - ВИД СОДЕРЖАНИЯ И ТИП СРЕДСТВА
Вид содержания Текст
Дополнительные сведения об издании визуальный
Тип средства непосредственный
210 ## - ПУБЛИКАЦИЯ, РАСПРОСТРАНЕНИЕ И ДР.
Место издания, распространения и т.д. Санкт-Петербург
Имя издателя, распространителя и т. д. Политех-пресс
-- Санкт-Петербургский политехнический университет Петра Великого
Дата издания, распространения и т.д. 2022
215 ## - ФИЗИЧЕСКАЯ ХАРАКТЕРИСТИКА
Размеры 20
300 ## - ОБЩИЕ ПРИМЕЧАНИЯ
Текст примечания Авт. также на англ. яз.: E. G. Kiseleva, A. B. Teslya
510 1# - ПАРАЛЛЕЛЬНОЕ ЗАГЛАВИЕ
Связь между полями z37790
Параллельное заглавие Corporate finance
Язык заглавия английский
606 1# - НАИМЕНОВАНИЕ ТЕМЫ КАК ПРЕДМЕТ
Наименование темы Корпорации
Формальный подзаголовок Учебные издания для высших учебных заведений
Тематический подзаголовок Финансы
Системный номер авторитетной/нормативной записи 2162239
Идентификатор авторитетной/нормативной записи RU\NLR\AUTH\661301194
686 1# - ИНДЕКСЫ ДРУГИХ КЛАССИФИКАЦИЙ
Индекс У26(0)19я73
700 #1 - ИМЯ ЛИЦА - ПЕРВИЧНАЯ ОТВЕТСТВЕННОСТЬ
Графика поля Кириллица
Материалы, к которым относится поле rus
Начальный элемент ввода Киселева
Часть имени, кроме начального элемента ввода Е. Г.
Дополнения к именам, кроме дат канд. экон. наук
Даты 1979-
Расширение инициалов личного имени Елена Григорьевна
Системный номер авторитетной/нормативной записи 248749
Идентификатор авторитетной/нормативной записи RU\NLR\AUTH\770248805
701 #1 - ИМЯ ЛИЦА - АЛЬТЕРНАТИВНАЯ ОТВЕТСТВЕННОСТЬ
Начальный элемент ввода Тесля
Часть имени, кроме начального элемента ввода А. Б.
Расширение инициалов личного имени Анна Борисовна
790 #1 - ИМЯ ЛИЦА - АЛЬТЕРНАТИВНАЯ ФОРМА
Графика поля Латинская
Материалы, к которым относится поле rus
Начальный элемент ввода Kiseleva
Часть имени, кроме начального элемента ввода E. G.
Дополнения к именам, кроме дат канд. экон. наук
Даты 1979-
Расширение инициалов личного имени Elena Grigor'evna
Системный номер авторитетной/нормативной записи 248750
Идентификатор авторитетной/нормативной записи RU\NLR\AUTH\770248806
790 #1 - ИМЯ ЛИЦА - АЛЬТЕРНАТИВНАЯ ФОРМА
Связь между полями z37
-- z37510
Начальный элемент ввода Teslja
Часть имени, кроме начального элемента ввода A. B.
Расширение инициалов личного имени Anna Borisovna
852 ## - МЕСТОНАХОЖДЕНИЕ И ШИФР ХРАНЕНИЯ
Идентификатор организации NLR
Шифр хранения (Call Number) 2022-4/8965
942 ## - ДОПОЛНИТЕЛЬНЫЕ ЭЛЕМЕНТЫ ЗАПИСИ (АБИС)
Тип экземпляра АБИС Книга

Нет доступных экземпляров.